Two manuscripts by Charles Davenant ... /

Bibliographic Details
Main Author: Davenant, Charles, 1656-1714
Corporate Author: British Library
Other Authors: Usher, Abbott Payson, 1883-1965
Format: Book
Language:English
Published: Baltimore : The Johns Hopkins press, 1942.
Series:A reprint of economic tracts
Subjects:

MARC

Tag First Indicator Second Indicator Subfields
LEADER 00000cam a2200000 4500
001 in00000054057
005 20151008051420.0
008 750926s1942 mduh 00000 eng
010 |a a 43000685  
035 |a (OCoLC)01658396 
035 |9 AAG7744AM 
040 |a DLC  |c AKR  |d TXA  |d UtOrBLW 
049 |a TXAM  |c [175218] 
050 0 |a HG937  |b .D23 
092 |a 332.4942  |b D246t 
100 1 |a Davenant, Charles,  |d 1656-1714. 
245 1 0 |a Two manuscripts by Charles Davenant ... /  |c Edited from the manuscripts in the British museum (Harleian 1223, fols. 71-95, 115-156) with an introduction by Abbott Payson Usher ... 
264 1 |a Baltimore :  |b The Johns Hopkins press,  |c 1942. 
300 |a xi, 108 pages :  |b facsimiles ;  |c 24 cm. 
336 |a text  |b txt  |2 rdacontent 
337 |a unmediated  |b n  |2 rdamedia 
338 |a volume  |b nc  |2 rdacarrier 
490 0 |a A reprint of economic tracts 
505 0 |a I. A memorial concerning the coyn of England. November, 1695.--II. A memoriall concerning creditt. July 15, 1696. 
650 0 |a Money  |z Great Britain. 
650 0 |a Credit  |z Great Britain. 
650 0 |a Banks and banking  |z Great Britain. 
700 1 |a Usher, Abbott Payson,  |d 1883-1965. 
710 2 |a British Library.  |k Mss. (Harleian 1223) 
740 2 |a A memoriall concerning the coyn of England. 
740 2 |a A memoriall concerning creditt. 
999 |a MARS 
999 f f |s 841c4644-edf7-37cf-8b8b-5ed58fea1ac3  |i 0a1d5768-2a5c-308e-8e30-ca804192944d  |t 0 
952 f f |p ric  |a Texas A&M University  |b Rellis Campus  |c Joint Library Facility  |d Remote Storage  |t 0  |e HG937 .D23  |h Library of Congress classification  |i unmediated -- volume  |m A14800734614 
998 f f |a HG937 .D23  |t 0  |l Remote Storage